<?xml version="1.0" encoding="UTF-8"?><?xml-stylesheet type="text/xsl" href="static/style.xsl"?><OAI-PMH xmlns="http://www.openarchives.org/OAI/2.0/" xmlns:xsi="http://www.w3.org/2001/XMLSchema-instance" xsi:schemaLocation="http://www.openarchives.org/OAI/2.0/ http://www.openarchives.org/OAI/2.0/OAI-PMH.xsd"><responseDate>2026-04-18T04:02:17Z</responseDate><request verb="GetRecord" identifier="oai:www.recercat.cat:20.500.12327/2739" metadataPrefix="marc">https://recercat.cat/oai/request</request><GetRecord><record><header><identifier>oai:recercat.cat:20.500.12327/2739</identifier><datestamp>2025-10-22T11:31:54Z</datestamp><setSpec>com_2072_4428</setSpec><setSpec>com_2072_4427</setSpec><setSpec>col_2072_487898</setSpec></header><metadata><record xmlns="http://www.loc.gov/MARC21/slim" xmlns:dcterms="http://purl.org/dc/terms/" xmlns:xsi="http://www.w3.org/2001/XMLSchema-instance" xmlns:doc="http://www.lyncode.com/xoai" xsi:schemaLocation="http://www.loc.gov/MARC21/slim http://www.loc.gov/standards/marcxml/schema/MARC21slim.xsd">
   <leader>00925njm 22002777a 4500</leader>
   <datafield ind2=" " ind1=" " tag="042">
      <subfield code="a">dc</subfield>
   </datafield>
   <datafield ind2=" " ind1=" " tag="720">
      <subfield code="a">Weinrich, Ramona</subfield>
      <subfield code="e">author</subfield>
   </datafield>
   <datafield ind2=" " ind1=" " tag="720">
      <subfield code="a">Mielinger, Ellen</subfield>
      <subfield code="e">author</subfield>
   </datafield>
   <datafield ind2=" " ind1=" " tag="720">
      <subfield code="a">Krauter, Victoria</subfield>
      <subfield code="e">author</subfield>
   </datafield>
   <datafield ind2=" " ind1=" " tag="720">
      <subfield code="a">Arranz, Elena</subfield>
      <subfield code="e">author</subfield>
   </datafield>
   <datafield ind2=" " ind1=" " tag="720">
      <subfield code="a">Camara Hurtado, Rosa Maria</subfield>
      <subfield code="e">author</subfield>
   </datafield>
   <datafield ind2=" " ind1=" " tag="720">
      <subfield code="a">Marcos, Begonya</subfield>
      <subfield code="e">author</subfield>
   </datafield>
   <datafield ind2=" " ind1=" " tag="720">
      <subfield code="a">Poças, Fátima</subfield>
      <subfield code="e">author</subfield>
   </datafield>
   <datafield ind2=" " ind1=" " tag="720">
      <subfield code="a">Ruiz de Maya, Salvador</subfield>
      <subfield code="e">author</subfield>
   </datafield>
   <datafield ind2=" " ind1=" " tag="720">
      <subfield code="a">Herbes, Carsten</subfield>
      <subfield code="e">author</subfield>
   </datafield>
   <datafield ind2=" " ind1=" " tag="260">
      <subfield code="c">2023-11-28</subfield>
   </datafield>
   <datafield ind2=" " ind1=" " tag="520">
      <subfield code="a">Food packaging improves shelf life and allows longer transportation distances in global food supply chains, but it is also responsible for huge volumes of waste. The transition to sustainable packaging by food companies has often been slow and inconsistent. How decisions on (sustainable) packaging are made within companies in the food sector remains mostly opaque to research. To explore the decision-making process and identify barriers for cleaner, more resource efficient food packaging, we carried out 17 interviews in four European countries across different food sectors using the theoretical decision-making process of Nutt (1984) as an analytical framework. Through qualitative content analysis, we found that decision-making processes often lack structure and extend over long stretches of time. Frequently, they are initiated in response to packaging material manufacturers or suppliers. Switching to more sustainable packaging often implies costly investments into new machinery. Economic sustainability takes precedence over ecological sustainability. We recommend companies move to life-cycle cost models for packaging decisions, commit to mono- and other recyclable materials, and establish structured decision-making processes with clear cut-off criteria so as to streamline implementation decisions. Our results further support a call for progressive legislation towards a circular economy in the packaging sector.</subfield>
   </datafield>
   <datafield ind1="8" ind2=" " tag="024">
      <subfield code="a">Weinrich, Ramona, Ellen Mielinger, Victoria Krauter, Elena Arranz, Rosa Maria Camara Hurtado, Begonya Marcos, and Fátima Poças et al. 2024. “Decision-making processes on sustainable packaging options in the European food sector”. Journal of Cleaner Production, 434. doi:10.1016/j.jclepro.2023.139918.</subfield>
   </datafield>
   <datafield ind1="8" ind2=" " tag="024">
      <subfield code="a">0959-6526</subfield>
   </datafield>
   <datafield ind1="8" ind2=" " tag="024">
      <subfield code="a">http://hdl.handle.net/20.500.12327/2739</subfield>
   </datafield>
   <datafield ind1="8" ind2=" " tag="024">
      <subfield code="a">https://doi.org/10.1016/j.jclepro.2023.139918</subfield>
   </datafield>
   <datafield ind2="0" ind1="0" tag="245">
      <subfield code="a">Decision-making processes on sustainable packaging options in the European food sector</subfield>
   </datafield>
</record></metadata></record></GetRecord></OAI-PMH>